مكتبة جامعة عجلون الوطنية

فهرس بحث المكتبة

المرأة الاردنية : انجازات، تحديات، مبادرات مستقبلية 2004-2009 (Record no. 16910)

MARC details
000 -LEADER
fixed length control field 00878nam a2200205Ii 4500
003 - CONTROL NUMBER IDENTIFIER
control field JO-AjNU
008 - FIXED-LENGTH DATA ELEMENTS--GENERAL INFORMATION
fixed length control field 230605s9999||||xx |||||||||||||| ||und||
017 ## - COPYRIGHT OR LEGAL DEPOSIT NUMBER
Copyright or legal deposit number 2010/2/558
040 ## - CATALOGING SOURCE
Original cataloging agency JO-AjNU
Language of cataloging ara
Description conventions rda
Transcribing agency JO-AjNU
041 ## - LANGUAGE CODE
Language code of text/sound track or separate title ara
050 14 - LIBRARY OF CONGRESS CALL NUMBER
Classification number HQ 1729 .L356 2010
100 3# - MAIN ENTRY--PERSONAL NAME
Personal name اعداد: منى مؤتمن حؤبشة؛ (عمان، الأردن) اللجنة الوطنية الأردنية لشؤون المرأة,
Relator term author
9 (RLIN) 32915
245 00 - TITLE STATEMENT
Title المرأة الاردنية : انجازات، تحديات، مبادرات مستقبلية 2004-2009
264 31 - PRODUCTION, PUBLICATION, DISTRIBUTION, MANUFACTURE, AND COPYRIGHT NOTICE
Place of production, publication, distribution, manufacture عمان: اللجنة الوطنية الأردنية لشؤون المرأة، 2010
300 ## - PHYSICAL DESCRIPTION
Extent 138ص
336 ## - CONTENT TYPE
Content type term text
Content type code txt
Source rdacontent
337 ## - MEDIA TYPE
Media type term unmediated
Media type code n
Source rdamedia
338 ## - CARRIER TYPE
Carrier type term volume
Carrier type code nc
Source rdacarrier
650 #4 - SUBJECT ADDED ENTRY--TOPICAL TERM
Topical term or geographic name entry element المرأة - الأردن - أحوال اجتماعية 
9 (RLIN) 32916
Holdings
Withdrawn status Lost status Source of classification or shelving scheme Damaged status Not for loan Home library Current library Shelving location Date acquired Total Checkouts Full call number Barcode Date last seen Price effective from Koha item type
    Library of Congress Classification     مكتبة جامعة عجلون الوطنية مكتبة جامعة عجلون الوطنية المجموعات العامة 06/06/2023   HQ 1729 .L356 2010 A13342 06/06/2023 06/06/2023 Books